00472nam a22001697a 4500003000400000020001800004082001600022100001600038245004200054250001300096260002600109300000800135650001900143942001200162952011100174999001700285SGT a9788131210574 a617.6bO08K aG. S. Kumar aOrban's Oral Histology and Embryology a12th Ed. aIndiabElsevierc2008 a363 aOral Histology 2ddccBK 00102ddc4070aFDbFDcTXTd2026-02-13iSGTUl0o617.6 O08KpFD3124r2026-02-13 00:00:00w2026-02-13yBK c34078d34078